000 00869cam a2200193 4500
001 ABS66248
008 021220n2002 000 0 eng u
035 _a(Sirsi) u120858
100 _aPayne, S
245 _aEnvironmental law update
260 _c2002
490 _aSolicitors' Journal
_v146(41) 1 November 2002, 975-980(6)
520 _aEnvironmental special consists of "Environmental law update" which looks at environmental liability, environmental indemnities, environmental crime, human rights and new regulations; "Contamination alert" examines environmental considerations in property transactions; "Surveying the land" looks at the role of the chartered environmental surveyor in the conveyancing process.
590 _aABS
650 _aCONVEYANCING
650 _aENVIRONMENTAL LIABILITIES
690 _aENVIRONMENT-ENVIRONMENTAL LAW
942 _n0
999 _c71834
_d71834